00949nam a22002775i 450000100090000000300050000900500170001400800410003101000170007202000180008904000230010704200080013005000210013810000190015924500680017825000170024626000320026326300090029530000450030450000510034965000390040090600450043994200170048499900190050195201510052018125323SISC20160822090806.0140423s2014 cau 000 0 eng  a 2014939150 a9781446276068 aDLCbengerdacDLC apcc aH 62b.R392 20151 aRichards, Lyn.10aHandling qualitative data :ba practical guide /cLyn Richards. a3rd edition. aLos Angeles :bSAGE,c2015. a1411 aix, 236 pages :billustrations ;c25 cm. aIncludes bibliographical references and index. aQualitative researchxMethodology. a0bibccorignewd2eepcnf20gy-gencatlg 2lcccBKkFOR c288908d288908 00102lcc40aCLbCLcRESd2015-11-05eLibrary Fundg3240.00kRESl2m21oH 62 .R392 2015pC20237r2019-10-21 00:00:00s2019-10-02w2015-11-05yBK